Sports Quiz

Random Sports Quiz

New York Rangers Award Winner Quiz Stats

Quiz not verified by Sporcle

Challenge
Share
Tweet
Embed
Score 0/50 Timer 07:00
0 Plays Today
Trophy Player % Correct
HartMark Messier
97%
Lester B. PearsonMark Messier
97%
NorrisBrian Leetch
93.9%
CalderBrian Leetch
93.9%
Conn SmythBrian Leetch
93.9%
MastertonAdam Graves
77.3%
VezinaEd Giacomin
73.5%
HartAndy Bathgate
66.7%
Lester B. PearsonJaromir Jagr
66.7%
PatrickRod Gilbert
65.9%
MastertonRod Gilbert
65.9%
NorrisHarry Howell
64.4%
Lady ByngWayne Gretzky
59.8%
NorrisBrian Leetch
59.1%
Lester B. PearsonJean Ratelle
56.8%
Lady ByngJean Ratelle
56.8%
MastertonJean Ratelle
56.8%
VezinaJohn Vanbiesbrouck
53.8%
King ClancyAdam Graves
48.5%
Art RossBill Cook
43.9%
Art RossBill Cook
43.9%
CalderSteve Vickers
34.8%
PatrickPhil Esposito
34.8%
CalderPentti Lund
34.1%
CalderLorne Worsley
33.3%
Trophy Player % Correct
Art RossBryan Hextall
31.1%
VezinaGilles Villemure
30.3%
Lady ByngFrank Boucher
29.5%
Lady ByngFrank Boucher
29.5%
Lady ByngFrank Boucher
29.5%
Lady ByngFrank Boucher
29.5%
Lady ByngFrank Boucher
29.5%
Lady ByngFrank Boucher
29.5%
Lady ByngFrank Boucher
29.5%
NorrisDoug Harvey
23.5%
PatrickJohn Davidson
22%
HartChuck Rayner
20.5%
Lady ByngCamille Henry
18.9%
CalderCamille Henry
18.9%
VezinaDave Kerr
18.2%
Lady ByngClint Smith
17.4%
Hart Buddy O'Connor
12.9%
Lady ByngBuddy O'Connor
12.9%
MastertonAnders Hedberg
12.1%
Lady ByngEdgar Laprade
11.4%
CalderEdgar Laprade
11.4%
CalderKilby MacDonald
6.1%
CalderGrant Warwick
6.1%
PatrickWilliam Jennings
6.1%
PatrickFred Shero
6.1%

You're not logged in!

Compare scores with friends on all Sporcle quizzes.
Join for Free
OR
Log In

You Might Also Like...

Show Comments

Extras

Top Quizzes Today


Score Distribution

Your Account Isn't Verified!

In order to create a playlist on Sporcle, you need to verify the email address you used during registration. Go to your Sporcle Settings to finish the process.

Report this User

Report this user for behavior that violates our Community Guidelines.

Details: